01188cam a22002774a 4500952015900000999001500159001000900174003000400183005001700187008004100204020001800245040000900263082002200272100002900294245008900323250001200412260003700424300000900461504005100470650002600521650002400547856010600571856009100677856009200768942005000860 00102ddc40708MANAGEMENTaMESbMEScMANAGEMENTd2019-02-20g599.00l1o658.403072 ZIK/Bp37200r2023-12-12 09:57:37s2023-11-29w2019-02-20yBKzGL55R3 c7918d791812684236OSt20200127132335.0020212s2003 ohua b 001 0 eng  a9788131518519 coclc00a658.403072bZIK/B aZikmund, William G9159510aBusiness research methods /cWilliam G. Zikmund ; Balban ; Carr ; Adhikari ; Griffin a8th ed. aDelhi:bCengage Learning,c2013. a750p aIncludes bibliographical references and index. 0aManagementxResearch. 0aBusinessxResearch.423Contributor biographical informationuhttp://www.loc.gov/catdir/enhancements/fy1102/2002020827-b.html423Publisher descriptionuhttp://www.loc.gov/catdir/enhancements/fy1102/2002020827-d.html413Table of contents onlyuhttp://www.loc.gov/catdir/enhancements/fy1102/2002020827-t.html 2ddccBKh658.403072iZIK/Bk658.403072mZIK/B